00867 2200301 4500001002100000005001500021035002500036020002200061040001700083082001500100084001700115100002400132245010100156250002000257260003700277300004100314504003100355650001300386700001200399850001200411090002100423090002200444500001100466007000300477008004100480999002200521990002200543INLIS00000000003477820191128014455 a0010-031800000000721 a978-602-19606-3-9 aYOPDYOGbind04223a306.85 a306.85 AND k0 aAndayani Listyawati aKeluarga sebagai wahana mencegah anak hidup di jalan /cAndayani Listyawati; penyunting, Suharno acetakan pertama aYogyakarta :bTotal Media,c2017 avii, 85 halaman :bilutrasi ;c21 cm aBibliografi: halaman 82-83 4aKeluarga0 aSuharno aYOPDYOG aDEP 306.85 AND k aCB-D.11 2017-2219 aIndeksta180319s2017 yoia g 1 0 ind d aCB-D.11/2017-2219 aCB-D.11/2017-2219